000 01032nam a22002777a 4500
999 _c63857
_d63857
005 20240530110702.0
008 180111s2016 ua g b 000 0 ara d
017 _a2015/10418
_bمصر. دار الكتب
020 _a9789774385343
040 _aEG-CaGPL
_cEG-CaGPL
082 0 4 _221
_a320.011 /
_bص س
100 0 _aصالح حسين على العبدالله
245 1 2 _aالسلطة والرضا الشعبى /
_cصالح حسين على العبدالله
250 _aط. 1
260 _aالقاهرة :
_bالمكتب الجامعى الحديث ،
_c2016.
300 _a214 ص. ؛
_c24 سم.
504 _aيشتمل على ارجاعات ببليوجرافية
650 0 7 _2qrmak
_aالسلطة التنفيذية
650 0 7 _2qrmak
_aالسلطة السياسية
650 0 7 _2qrmak
_aالحرية السياسية
650 0 7 _2qrmak
_aحرية التعيبر
650 0 7 _2qrmak
_aالحقوق المدنية
651 _2qrmak
942 _2ddc
_cBK